Comer sin riesgos 2 : las enfermedades transmitidas por alimentos /

Guardado en:
Autor Principal: Rey, Ana M.
Formato: Libro
Publicado: Buenos Aires : Hemisferio Sur, 2005
Edición:2a. ed.
Materias:
Etiquetas: Agregar Etiqueta
Sin Etiquetas, Sea el primero en etiquetar este registro!
LEADER 00844nam a22002415a 4500
001 CEM.cems017145
005 20191002140813.0
008 130507s2005##################000#0#####d
003 CEMS
020 |a 9505045778 
082 0 4 |a 664 
100 1 |a Rey, Ana M. 
245 1 0 |a Comer sin riesgos 2 :  |b las enfermedades transmitidas por alimentos /  |c Ana M. Rey, Alejandro A. Silvestre 
250 |a 2a. ed. 
260 |a Buenos Aires :  |b Hemisferio Sur,  |c 2005 
300 |a 352 p. 
505 0 |a Las enfermedades transmitidas por alimentos (ETA) -- Los peligros microbianos -- Los peligros parasitarios -- Los peligros físicos y químicos 
653 |a Alimentos 
653 |a Alimentos-higiene 
653 |a Alimentos-enfermedades 
653 |a Bromatología 
653 |a Botulismo 
859 |a CEMS  |b BIB. CEMS - Agricultura  |h 664  |i R33a2  |p A0858.09  |t Ej.1  |v 2  |3 2